[Event "Wch Seniors 50 28th"]
[Site "Bled"]
[Date "2018.11.29"]
[Round "11"]
[White "Jones, David"]
[Black "Fainman, Avi"]
[Result "1-0"]
[WhiteElo "1894"]
[BlackElo "1385"]
[PlyCount "75"]
[EventDate "2018.11.18"]
[EventType "swiss"]
[EventRounds "11"]
[EventCountry "SLO"]
[SourceTitle "EXT 2020"]
[Source "ChessBase"]
[SourceDate "2019.10.17"]
[SourceVersion "1"]
[SourceVersionDate "2019.10.17"]
[SourceQuality "1"]

1. d4 d5 2. Nf3 Nf6 3. Bf4 Bf5 4. e3 e6 5. Bd3 Bxd3 6. Qxd3 c6 7. Nbd2 Nbd7 8. h3 c5 9. 0-0 cxd4 10. exd4 Qb6 11. Rfe1 Bd6 12. Bxd6 Qxd6 13. Ne5 0-0 14. f4 Qb6 15. g4 Nxe5 16. fxe5 Ne4 17. Nxe4 dxe4 18. Qxe4 Rfd8 19. Red1 Qxb2 20. Rab1 Qc3 21. Rb3 Qc6 22. Qxc6 bxc6 23. Rc3 h6 24. Kf2 Rac8 25. Rc5 Rd5 26. Ke3 Rxc5 27. dxc5 Rc7 28. Rd8+ Kh7 29. a4 Kg6 30. a5 Kg5 31. Kf3 f6 32. a6 fxe5 33. Ke4 Kf6 34. Rb8 Rd7 35. Rf8+ Ke7 36. Rg8 Kf7 37. Rc8 Rd4+ 38. Ke3 1-0

[Event "TTO-ch"]
[Site "Port of Spain"]
[Date "2018.11.04"]
[Round "7"]
[White "Johnson, Joshua"]
[Black "Jones, David"]
[Result "1-0"]
[WhiteElo "2261"]
[BlackElo "1894"]
[PlyCount "69"]
[EventDate "2018.10.14"]
[EventType "tourn"]
[EventRounds "11"]
[EventCountry "TRI"]
[SourceTitle "EXT 2020"]
[Source "ChessBase"]
[SourceDate "2019.10.17"]
[SourceVersion "1"]
[SourceVersionDate "2019.10.17"]
[SourceQuality "1"]

1. e4 c5 2. Nf3 g6 3. d4 cxd4 4. Nxd4 Bg7 5. Nc3 Nc6 6. Be3 Nf6 7. Bc4 0-0 8. Bb3 a6 9. f3 b5 10. h4 Nxd4 11. Bxd4 b4 12. Nd5 Nxd5 13. Bxd5 Rb8 14. Bxg7 Kxg7 15. Qd4+ f6 16. h5 Qb6 17. Qd2 g5 18. 0-0-0 a5 19. f4 h6 20. e5 Ba6 21. Rhe1 Bb5 22. Kb1 Qc5 23. Be4 f5 24. Bd3 Bc6 25. fxg5 a4 26. gxh6+ Kh8 27. Qg5 Rf7 28. Qg6 Bd5 29. e6 Rbf8 30. exf7 Rxf7 31. h7 Rf6 32. Qe8+ Kxh7 33. Rxe7+ Kh6 34. Qh8+ Kg5 35. Qg7+ 1-0

[Event "Port of Spain Knights op 45th"]
[Site "Port of Spain"]
[Date "2018.05.10"]
[Round "6"]
[White "Austin, Marlon"]
[Black "Jones, David"]
[Result "1/2-1/2"]
[WhiteElo "1705"]
[BlackElo "1896"]
[PlyCount "112"]
[EventDate "2018.04.05"]
[EventType "swiss"]
[EventRounds "7"]
[EventCountry "TRI"]
[SourceTitle "CBM 184 Extra"]
[Source "ChessBase"]
[SourceDate "2018.06.28"]
[SourceVersion "1"]
[SourceVersionDate "2018.06.28"]
[SourceQuality "1"]

1. d4 d5 2. Nf3 Nf6 3. Bf4 Bf5 4. e3 Nc6 5. c3 e6 6. Nh4 Bg6 7. Nd2 Nh5 8. Nxg6 hxg6 9. Qc2 Nxf4 10. exf4 a6 11. Nf3 Bd6 12. Ne5 Ne7 13. g3 b5 14. Bg2 Rc8 15. h4 c5 16. dxc5 Bxc5 17. Rd1 Qb6 18. Nd3 Bd6 19. Qd2 Nf5 20. Qe2 Be7 21. Ne5 b4 22. c4 dxc4 23. Nxc4 Qc5 24. b3 Nd4 25. Qe4 Rd8 26. 0-0 0-0 27. Rd3 Nf5 28. Ne3 Rxd3 29. Qxd3 Rd8 30. Qc4 Nxe3 31. fxe3 Qxe3+ 32. Kh2 Qd3 33. Qc7 Bf6 34. Qb6 Bc3 35. Rf3 Qd6 36. Qa5 Rc8 37. Bf1 Qd5 38. Qxa6 Qxf3 39. Qxc8+ Kh7 40. Bg2 Qf2 41. Qa8 Be1 42. Qf3 Qxa2 43. h5 gxh5 44. Qxh5+ Kg8 45. Qf3 Bc3 46. Qa8+ Qxa8 47. Bxa8 Bd2 48. Kg2 Kh7 49. Kf3 Kg6 50. Be4+ f5 51. Bd3 Kf6 52. Bc4 e5 53. fxe5+ Kxe5 54. g4 f4 55. Bg8 g5 56. Bc4 Be3 1/2-1/2

[Event "Port of Spain op"]
[Site "Port of Spain"]
[Date "2017.09.01"]
[Round "8"]
[White "Ramos Caldera, Cesar"]
[Black "Jones, David"]
[Result "0-1"]
[WhiteElo "2013"]
[BlackElo "1902"]
[PlyCount "58"]
[EventDate "2017.08.27"]
[EventType "swiss"]
[EventRounds "9"]
[EventCountry "TRI"]
[SourceTitle "CBM 180 Extra"]
[Source "ChessBase"]
[SourceDate "2017.10.06"]
[SourceVersion "1"]
[SourceVersionDate "2017.10.06"]
[SourceQuality "1"]

1. b3 Nf6 2. Bb2 g6 3. e4 d6 4. f4 Bg7 5. Nf3 0-0 6. d3 Nc6 7. Be2 e5 8. fxe5 Ng4 9. Bf1 Ncxe5 10. d4 Ne3 11. Qe2 Nxf3+ 12. gxf3 Qh4+ 13. Kd2 Bh6 14. Kd3 f5 15. Nd2 fxe4+ 16. Nxe4 Nd5 17. Qd1 Bf5 18. Qe1 Qf4 19. Bg2 Ne3 20. Qg1 Nxg2 21. Qxg2 Qe3+ 22. Kc4 Bxe4 23. fxe4 Rf2 24. Qg4 Rxc2+ 25. Kb4 Qd2+ 26. Ka4 b5+ 27. Kxb5 Rb8+ 28. Ka6 Rb6+ 29. Kxa7 Qa5# 0-1

[Event "Port of Spain op"]
[Site "Port of Spain"]
[Date "2017.08.30"]
[Round "5"]
[White "Jones, David"]
[Black "Husbands, Orlando"]
[Result "0-1"]
[WhiteElo "1902"]
[BlackElo "2338"]
[PlyCount "68"]
[EventDate "2017.08.27"]
[EventType "swiss"]
[EventRounds "9"]
[EventCountry "TRI"]
[SourceTitle "CBM 180 Extra"]
[Source "ChessBase"]
[SourceDate "2017.10.06"]
[SourceVersion "1"]
[SourceVersionDate "2017.10.06"]
[SourceQuality "1"]

1. d4 Nf6 2. c4 e6 3. Nc3 Bb4 4. Qc2 0-0 5. Bg5 d5 6. e3 h6 7. Bh4 c5 8. Nf3 cxd4 9. exd4 Nc6 10. Rd1 Be7 11. Be2 b6 12. 0-0 Bb7 13. cxd5 Nb4 14. Qb1 Nbxd5 15. h3 Rc8 16. Nxd5 Nxd5 17. Bg3 Bd6 18. Ne5 f6 19. Bh4 Nf4 20. Bf3 Bxf3 21. Nxf3 Bb8 22. Qe4 Qd5 23. Qxd5 Nxd5 24. Rfe1 Kf7 25. Rc1 Bf4 26. Rb1 Rc2 27. Kf1 Rfc8 28. Red1 g5 29. Bg3 Bxg3 30. fxg3 Ne3+ 31. Kg1 Rxg2+ 32. Kh1 Rxg3 33. Rdc1 Rxc1+ 34. Rxc1 Rxh3+ 0-1

[Event "Port of Spain op"]
[Site "Port of Spain"]
[Date "2017.08.29"]
[Round "4"]
[White "Yearwood, Sean"]
[Black "Jones, David"]
[Result "0-1"]
[WhiteElo "1758"]
[BlackElo "1902"]
[PlyCount "120"]
[EventDate "2017.08.27"]
[EventType "swiss"]
[EventRounds "9"]
[EventCountry "TRI"]
[SourceTitle "CBM 180 Extra"]
[Source "ChessBase"]
[SourceDate "2017.10.06"]
[SourceVersion "1"]
[SourceVersionDate "2017.10.06"]
[SourceQuality "1"]

1. e4 d6 2. d4 Nf6 3. Nc3 g6 4. Be3 Bg7 5. Be2 a6 6. e5 dxe5 7. dxe5 Qxd1+ 8. Rxd1 Ng4 9. Bxg4 Bxg4 10. f3 Bf5 11. f4 c6 12. Rd2 0-0 13. h3 f6 14. g4 Be6 15. Nf3 fxe5 16. Nxe5 Bxe5 17. fxe5 Nd7 18. Bh6 Rf7 19. Re2 Nb6 20. b3 Rd8 21. Rf1 Bd5 22. Rxf7 Kxf7 23. Bf4 Ke6 24. Kf2 Rf8 25. Ke3 g5 26. Bxg5 Rf3+ 27. Kd2 Rxh3 28. Ne4 Bxe4 29. Rxe4 Nd5 30. c4 Rh2+ 31. Kd3 Nb4+ 32. Kd4 b6 33. c5 Nc2+ 34. Kc4 b5+ 35. Kc3 b4+ 36. Kd3 a5 37. Bd2 Na3 38. Rd4 Nb1 39. Bxb4 axb4 40. Rxb4 Rxa2 41. Rb6 Kd5 42. Rb7 e6 43. Rxh7 Kxe5 44. Rc7 Kd5 45. Re7 Rg2 46. Rg7 Nd2 47. Rd7+ Kxc5 48. Ke3 Nxb3 49. Kf3 Rd2 50. Rh7 Nd4+ 51. Kf4 Rf2+ 52. Ke5 Nf3+ 53. Kf6 Nd4+ 54. Ke5 Re2+ 55. Kf6 Kd5 56. g5 Rf2+ 57. Kg7 c5 58. g6 Nf5+ 59. Kf7 Nd6+ 60. Kg7 Rg2 0-1

[Event "Port of Spain op 44th"]
[Site "Port of Spain"]
[Date "2017.04.20"]
[Round "1"]
[White "Jacobs, Carl"]
[Black "Jones, David"]
[Result "0-1"]
[WhiteElo "1576"]
[BlackElo "1892"]
[PlyCount "56"]
[EventDate "2017.04.20"]
[EventType "swiss"]
[EventRounds "7"]
[EventCountry "TRI"]
[SourceTitle "EXT 2018"]
[Source "ChessBase"]
[SourceDate "2017.10.13"]
[SourceVersion "1"]
[SourceVersionDate "2017.10.13"]
[SourceQuality "1"]

1. d4 Nf6 2. c4 g6 3. Nc3 Bg7 4. e4 d6 5. Nf3 Nbd7 6. Be2 0-0 7. 0-0 a6 8. h3 e5 9. d5 h6 10. Be3 Kh7 11. Rc1 Ne8 12. Qd2 f5 13. exf5 gxf5 14. Qc2 Kh8 15. Nd2 f4 16. Bf3 fxe3 17. fxe3 Qg5 18. Rce1 Ndf6 19. Nde4 Nxe4 20. Nxe4 Qg6 21. Qe2 Nf6 22. Nxf6 Rxf6 23. Bh5 Qg5 24. Rxf6 Bxf6 25. Qf3 e4 26. Qe2 Bxh3 27. Rf1 Bxg2 28. Rxf6 Bf3+ 0-1

[Event "De Verteuil Memorial 24th"]
[Site "Port of Spain"]
[Date "2016.11.17"]
[Round "7"]
[White "Jones, David"]
[Black "Lee, Courtney"]
[Result "1/2-1/2"]
[WhiteElo "1902"]
[BlackElo "2073"]
[PlyCount "41"]
[EventDate "2016.10.06"]
[EventType "swiss"]
[EventRounds "7"]
[EventCountry "TRI"]
[SourceTitle "EXT 2018"]
[Source "ChessBase"]
[SourceDate "2017.10.13"]
[SourceVersion "1"]
[SourceVersionDate "2017.10.13"]
[SourceQuality "1"]

1. e4 e6 2. d4 d5 3. e5 c5 4. c3 Nc6 5. f4 Qb6 6. Nf3 Bd7 7. a3 a5 8. Be2 Nh6 9. 0-0 cxd4 10. cxd4 Nf5 11. Kh1 Ncxd4 12. Nxd4 Nxd4 13. Be3 Bc5 14. Nc3 Nb3 15. Bxc5 Nxc5 16. f5 Ne4 17. Nxe4 dxe4 18. f6 Rd8 19. Qc2 Bc6 20. Qc3 g6 21. Rad1 1/2-1/2

[Event "De Verteuil Memorial 24th"]
[Site "Port of Spain"]
[Date "2016.10.20"]
[Round "3"]
[White "Jones, David"]
[Black "Soverall, Peter"]
[Result "1-0"]
[WhiteElo "1902"]
[BlackElo "1656"]
[PlyCount "71"]
[EventDate "2016.10.06"]
[EventType "swiss"]
[EventRounds "7"]
[EventCountry "TRI"]
[SourceTitle "EXT 2018"]
[Source "ChessBase"]
[SourceDate "2017.10.13"]
[SourceVersion "1"]
[SourceVersionDate "2017.10.13"]
[SourceQuality "1"]

1. e4 e5 2. Nf3 Nc6 3. Bb5 a6 4. Ba4 Be7 5. Nc3 d6 6. Bxc6+ bxc6 7. d4 Bg4 8. dxe5 Bxf3 9. Qxf3 dxe5 10. 0-0 Nf6 11. Rd1 Bd6 12. Bg5 Qe7 13. Ne2 0-0 14. Ng3 g6 15. Bxf6 Qe6 16. Bg5 f6 17. Be3 a5 18. b3 c5 19. c4 Kg7 20. Qe2 f5 21. exf5 gxf5 22. f4 e4 23. Qf2 Qh6 24. Bxc5 Bxf4 25. Bxf8+ Rxf8 26. Qxf4 Qb6+ 27. Kh1 Rf7 28. Qg5+ Qg6 29. Nh5+ Kg8 30. Rd8+ Rf8 31. Rxf8+ Kxf8 32. Qd8+ Kf7 33. Qxc7+ Kf8 34. Rd1 Qxh5 35. Rd8+ Qe8 36. Rxe8+ 1-0

[Event "De Verteuil Memorial 24th"]
[Site "Port of Spain"]
[Date "2016.10.13"]
[Round "2"]
[White "Jones, David"]
[Black "Callender, Noel"]
[Result "1-0"]
[WhiteElo "1902"]
[BlackElo "1318"]
[PlyCount "61"]
[EventDate "2016.10.06"]
[EventType "swiss"]
[EventRounds "7"]
[EventCountry "TRI"]
[SourceTitle "EXT 2018"]
[Source "ChessBase"]
[SourceDate "2017.10.13"]
[SourceVersion "1"]
[SourceVersionDate "2017.10.13"]
[SourceQuality "1"]

1. e4 e6 2. d4 d5 3. e5 Bb4+ 4. c3 Be7 5. Qg4 g6 6. Bd3 c5 7. Bb5+ Bd7 8. Qe2 cxd4 9. cxd4 Qa5+ 10. Nc3 Bb4 11. Bd2 Ne7 12. Nf3 Bxc3 13. Bxd7+ Nxd7 14. Bxc3 Qc7 15. 0-0 a6 16. Rac1 Nb6 17. Ba5 Qd8 18. Qd1 Nc6 19. Bd2 Nc4 20. Bg5 Nxb2 21. Bxd8 Nxd1 22. Bf6 0-0 23. Rfxd1 Rfc8 24. Kf1 b5 25. a3 a5 26. Rc5 b4 27. Rdc1 b3 28. Rxc6 Rxc6 29. Rxc6 Rb8 30. Nd2 b2 31. Ke2 1-0

[Event "Port of Spain op"]
[Site "Port of Spain"]
[Date "2016.07.30"]
[Round "2"]
[White "Jones, David"]
[Black "Seaforth, Sylvan"]
[Result "1/2-1/2"]
[WhiteElo "1910"]
[BlackElo "1748"]
[PlyCount "74"]
[EventDate "2016.07.29"]
[EventType "swiss"]
[EventRounds "9"]
[EventCountry "TRI"]
[SourceTitle "EXT 2017"]
[Source "ChessBase"]
[SourceDate "2016.10.25"]
[SourceVersion "1"]
[SourceVersionDate "2016.10.25"]
[SourceQuality "1"]

1. d4 Nf6 2. Bg5 d5 3. Nf3 h6 4. Bxf6 exf6 5. e3 Bd6 6. Bd3 Nc6 7. c3 Ne7 8. Qc2 c6 9. Nbd2 Be6 10. 0-0 g5 11. Rfe1 g4 12. Nh4 Qc7 13. g3 Rg8 14. b4 Rg5 15. f4 gxf3 16. Ndxf3 Rg7 17. Kh1 0-0-0 18. Nf5 Nxf5 19. Bxf5 Qd7 20. Nh4 Rg5 21. Rf1 Rdg8 22. Bxe6 Qxe6 23. Nf5 Rh5 24. Nxd6+ Qxd6 25. Qe2 Rh3 26. Kg1 Rgxg3+ 27. hxg3 Qxg3+ 28. Qg2 Qxe3+ 29. Qf2 Qg5+ 30. Qg2 Rg3 31. Rf2 h5 32. Re1 h4 33. Kh1 Rxg2 34. Rxg2 Qf4 35. Re7 Qf1+ 36. Kh2 Qf4+ 37. Kh1 Qf1+ 1/2-1/2

[Event "De Verteuil Memorial 23rd"]
[Site "Port of Spain"]
[Date "2015.10.22"]
[Round "3"]
[White "Jones, David"]
[Black "Singh, Ravishen"]
[Result "0-1"]
[WhiteElo "1935"]
[BlackElo "2123"]
[PlyCount "92"]
[EventDate "2015.10.08"]
[EventType "swiss"]
[EventRounds "7"]
[EventCountry "TRI"]
[SourceTitle "CBM 169 Extra"]
[Source "ChessBase"]
[SourceDate "2015.12.18"]
[SourceVersion "1"]
[SourceVersionDate "2015.12.18"]
[SourceQuality "1"]

1. c3 d5 2. d4 c6 3. Qc2 Qc7 4. g3 Nf6 5. Bf4 Qb6 6. Nf3 Bg4 7. Nbd2 Nbd7 8. Bg2 e6 9. Ne5 Bf5 10. Qb3 Qa6 11. Nxd7 Nxd7 12. 0-0 Be7 13. Rfe1 Nf6 14. e4 Bg6 15. Bf1 Qb6 16. Qxb6 axb6 17. f3 0-0 18. Bc7 b5 19. b4 Ra4 20. Bd3 Rfa8 21. Ba5 b6 22. Bxb6 Rxa2 23. Nb3 Rxa1 24. Rxa1 Rxa1+ 25. Nxa1 dxe4 26. fxe4 Nxe4 27. Bxe4 Bxe4 28. Kf2 Bg5 29. Ke2 h5 30. Nb3 Kh7 31. Nc5 Bd5 32. Nd7 f6 33. Bc7 Bc4+ 34. Kd1 Kg6 35. Nb8 Bd5 36. Ke2 Kf5 37. Nd7 Bc4+ 38. Kd1 Ke4 39. Kc2 Be3 40. Nb8 Bd5 41. Nd7 Bg1 42. Nc5+ Kf3 43. h3 Bh2 44. Kd2 h4 45. Nd3 Bxg3 46. Bd8 Kg2 0-1

[Event "Port of Spain Knights op"]
[Site "Port of Spain"]
[Date "2015.05.28"]
[Round "7"]
[White "Jones, David"]
[Black "Noel, Roderick"]
[Result "1-0"]
[WhiteElo "1934"]
[BlackElo "1860"]
[PlyCount "99"]
[EventDate "2015.04.16"]
[EventType "swiss"]
[EventRounds "7"]
[EventCountry "TRI"]
[SourceTitle "EXT 2023"]
[Source "ChessBase"]
[SourceDate "2022.10.05"]
[SourceVersion "1"]
[SourceVersionDate "2022.10.05"]
[SourceQuality "1"]

1. g3 d5 2. d4 Nf6 3. Bg2 g6 4. Nf3 Bg7 5. 0-0 0-0 6. c3 Nbd7 7. Nbd2 Re8 8. Re1 e5 9. dxe5 Nxe5 10. Nxe5 Rxe5 11. Nf3 Re8 12. Qb3 c6 13. Bg5 h6 14. Bf4 Nh5 15. Be3 Qc7 16. Bd4 Nf6 17. h3 b6 18. Rac1 Ne4 19. Bxg7 Kxg7 20. c4 dxc4 21. Qxc4 Bd7 22. Nd2 Nxd2 23. Qd4+ Kh7 24. Qxd2 Rad8 25. Qc3 c5 26. b4 Rc8 27. bxc5 Qxc5 28. Qf3 Qf5 29. Qxf5 Bxf5 30. e3 Be6 31. a3 Red8 32. h4 Rc5 33. Rxc5 bxc5 34. Rc1 Rd3 35. a4 Ra3 36. Bc6 c4 37. Kf1 c3 38. Ke1 Bc4 39. Bb5 Bd5 40. Ke2 Bb3 41. Rxc3 Bd1+ 42. Kd2 Rxc3 43. Kxc3 a6 44. Bc6 Kg7 45. Kb4 Kf6 46. Ka5 Ke6 47. Kxa6 Kd6 48. Kb6 f6 49. a5 Be2 50. Bb7 1-0

[Event "Port of Spain Knights op"]
[Site "Port of Spain"]
[Date "2015.05.21"]
[Round "6"]
[White "Cobham, Marcus"]
[Black "Jones, David"]
[Result "1-0"]
[WhiteElo "2046"]
[BlackElo "1934"]
[PlyCount "149"]
[EventDate "2015.04.16"]
[EventType "swiss"]
[EventRounds "7"]
[EventCountry "TRI"]
[SourceTitle "EXT 2023"]
[Source "ChessBase"]
[SourceDate "2022.10.05"]
[SourceVersion "1"]
[SourceVersionDate "2022.10.05"]
[SourceQuality "1"]

1. e4 g6 2. d4 c6 3. Nc3 Bg7 4. f4 d5 5. e5 h5 6. Nf3 Bg4 7. h3 Bxf3 8. Qxf3 e6 9. Be3 Qb6 10. 0-0-0 Nd7 11. Kb1 Bf8 12. g4 Bb4 13. Rd3 0-0-0 14. Rg1 hxg4 15. hxg4 Ne7 16. Rh1 Rdg8 17. Rh3 Qd8 18. a3 Ba5 19. Bf2 Qe8 20. Qh1 Bd8 21. Rdf3 Kb8 22. Bd3 b6 23. Na4 Kb7 24. Rxh8 Rxh8 25. Rh3 Rg8 26. Rh7 Nf8 27. Rh6 c5 28. Nc3 cxd4 29. Nb5 Nc8 30. Nxd4 Nd7 31. Bb5 Qe7 32. Bc6+ Kc7 33. Qf1 Nb8 34. Bb5 Kb7 35. Rh7 Bc7 36. Bd3 Qf8 37. Qh1 Rg7 38. Rh8 Rg8 39. Rh7 Rg7 40. Qh6 Rg8 41. Qh1 Rg7 42. c4 Rxh7 43. Qxh7 Ne7 44. cxd5 Nxd5 45. Be4 Nc6 46. Nxc6 Kxc6 47. Qh1 Qd8 48. Bh4 Qd7 49. Qc1+ Kb7 50. Qc4 Qc6 51. Qd3 a6 52. Bg3 Ka7 53. f5 gxf5 54. gxf5 Qc5 55. Bxd5 Qxd5 56. Qxd5 exd5 57. e6 fxe6 58. fxe6 Bd8 59. Bd6 Kb7 60. e7 Bxe7 61. Bxe7 Kc6 62. Kc2 Kd7 63. Bf6 Ke6 64. Bd4 b5 65. Kc3 a5 66. Bb6 b4+ 67. axb4 axb4+ 68. Kxb4 Kd6 69. Bd4 Kc6 70. Ka5 Kb7 71. b4 Ka8 72. Ka6 Kb8 73. b5 Ka8 74. b6 Kb8 75. b7 1-0

[Event "De Verteuil Memorial 22nd"]
[Site "Port of Spain"]
[Date "2014.11.13"]
[Round "4"]
[White "Harper, Ryan"]
[Black "Jones, David"]
[Result "1-0"]
[WhiteElo "2246"]
[BlackElo "1909"]
[PlyCount "45"]
[EventDate "2014.10.16"]
[EventType "swiss"]
[EventRounds "7"]
[EventCountry "TRI"]
[SourceTitle "EXT 2016"]
[Source "ChessBase"]
[SourceDate "2015.10.08"]
[SourceVersion "1"]
[SourceVersionDate "2015.10.08"]
[SourceQuality "1"]

1. e4 Nf6 2. Nc3 e5 3. f4 d5 4. fxe5 Nxe4 5. d3 Qh4+ 6. g3 Nxg3 7. Nf3 Qh5 8. Nxd5 Nxh1 9. Nxc7+ Kd8 10. Nxa8 Bg4 11. Bg2 Bxf3 12. Qxf3 Qxf3 13. Bxf3 Kc8 14. Bg4+ Nd7 15. Be3 b6 16. Bxb6 Kb7 17. Bd4 Kxa8 18. Bxd7 Kb7 19. Bh3 Kb8 20. Bg2 Ng3 21. hxg3 Be7 22. Kd2 Rd8 23. c3 1-0